[Event "31. DSenEM2019 Gruppe 65+"]
[Site "Radebeul"]
[Date "2019.04.30"]
[Round "5.26"]
[White "Essegern, Kurt"]
[Black "Schubert, Joachim"]
[Result "1/2-1/2"]
[WhiteElo "2116"]
[BlackElo "1863"]
[PlyCount "90"]
[EventDate "2019.??.??"]
[WhiteTeam "Bad Salzungen"]
[BlackTeam "SC Friesen Lichtenberg"]

1. e4 c5 2. Nf3 Nc6 3. d4 cxd4 4. Nxd4 Nf6 5. Nc3 d6 6. Bc4 e6 7. Be3 a6 8. Bb3
Bd7 9. Qe2 Qc7 10. O-O-O Be7 11. Rhg1 h5 12. h3 O-O-O 13. g4 hxg4 14. hxg4 g6
15. f4 Na5 16. g5 Nxb3+ 17. Nxb3 Nh5 18. Qf2 Rdf8 19. Bb6 Qb8 20. Rd4 Bd8 21.
Rc4+ Bc6 22. Bxd8 Kxd8 23. Rd1 Ke7 24. e5 d5 25. Qc5+ Kd7 26. Qb6 Qc7 27. Qb4
Kc8 28. Rcd4 Rd8 29. Na4 Ng3 30. R4d3 Ne4 31. Nb6+ Kb8 32. Qd4 Rh2 33. Re3 Rdh8
34. Nd2 Bb5 35. c3 Nc5 36. Nb3 Nd3+ 37. Rdxd3 Bxd3 38. Rxd3 Re2 39. Rd2 Rh1+
40. Kc2 Re4 41. Qf2 d4 42. Na4 d3+ 43. Rxd3 Rxa4 44. Nc5 Ra5 45. Nd7+ Kc8
1/2-1/2

[Event "31. DSenEM2019 Gruppe 65+"]
[Site "Radebeul"]
[Date "2019.04.30"]
[Round "5.27"]
[White "Dobierzin, Olaf"]
[Black "Neumann, Joachim"]
[Result "0-1"]
[WhiteElo "1992"]
[BlackElo "2116"]
[PlyCount "112"]
[EventDate "2019.??.??"]
[WhiteTeam "SG Leipzig"]
[BlackTeam "SC Agon Neumünster"]

1. e4 c5 2. Nf3 Nc6 3. d4 cxd4 4. Nxd4 Nf6 5. Nc3 e5 6. Ndb5 d6 7. Bg5 a6 8.
Na3 b5 9. Nd5 Be7 10. Bxf6 Bxf6 11. c3 Bg5 12. Nc2 Rb8 13. Bd3 O-O 14. O-O Be6
15. Nce3 Ne7 16. Bc2 Bxe3 17. Nxe3 Qb6 18. Bb3 Rfd8 19. Nd5 Nxd5 20. Bxd5 Bxd5
21. Qxd5 Rbc8 22. Rad1 Rc5 23. Qd3 Qc6 24. Qf3 Rc4 25. Rfe1 g6 26. Re3 Rd7 27.
b3 Rc5 28. g4 d5 29. exd5 Rdxd5 30. Rxd5 Qxd5 31. Rd3 Qxf3 32. Rxf3 Kg7 33. Kf1
e4 34. Re3 f5 35. gxf5 gxf5 36. f3 exf3 37. Rxf3 Kf6 38. Ke2 b4 39. c4 Ra5 40.
Kd3 Rxa2 41. Rh3 Ke5 42. Re3+ Kd6 43. Rh3 a5 44. Kd4 Rd2+ 45. Ke3 Rg2 46. Kf4
a4 47. bxa4 Rg7 48. Kxf5 Kc5 49. a5 Kxc4 50. Rh6 Ra7 51. a6 b3 52. Ke4 b2 53.
Rb6 Kc3 54. Ke3 Re7+ 55. Kf2 Rc7 56. Ke2 Kc2 0-1

[Event "31. DSenEM2019 Gruppe 65+"]
[Site "Radebeul"]
[Date "2019.04.30"]
[Round "5.28"]
[White "Fleuch, Hans-Jürgen"]
[Black "Villing, Dieter"]
[Result "1/2-1/2"]
[WhiteElo "1956"]
[BlackElo "2100"]
[Annotator "lenovo"]
[PlyCount "35"]
[EventDate "2019.??.??"]
[WhiteTeam "SV Urmitz"]
[BlackTeam "SK Ludwigshafen"]

1. e4 d6 2. d4 Nf6 3. Nc3 c6 4. Be2 b5 5. a3 a6 6. f4 e6 7. Nf3 Be7 8. O-O Qb6
9. Kh1 d5 10. e5 Ng8 11. Be3 {(=)} Nh6 12. Bd3 g6 13. Ne2 Nf5 14. Bf2 h5 15. c3
Nd7 16. Ng3 Bb7 17. Nxf5 gxf5 18. Bh4 {(=)} 1/2-1/2

[Event "31. DSenEM2019 Gruppe 65+"]
[Site "Radebeul"]
[Date "2019.04.30"]
[Round "5.29"]
[White "Wolter, Günter"]
[Black "Siegmund, Rainer"]
[Result "1/2-1/2"]
[WhiteElo "1849"]
[BlackElo "2093"]
[PlyCount "113"]
[EventDate "2019.??.??"]
[WhiteTeam "TSG Neustrelitz"]
[BlackTeam "SV Dresden-Striesen"]

1. e4 c5 2. Nc3 Nc6 3. g3 g6 4. Bg2 Bg7 5. d3 d6 6. f4 e6 7. Nf3 Nge7 8. O-O
O-O 9. Rb1 Rb8 10. Be3 Nd4 11. Ne2 Nec6 12. c3 Nxf3+ 13. Bxf3 b6 14. g4 Bb7 15.
Ng3 d5 16. e5 d4 17. Bxc6 Bxc6 18. cxd4 Qd5 19. Ne4 f5 20. exf6 Bxf6 21. dxc5
Bd4 22. Qe2 bxc5 23. Rf3 c4 24. Bxd4 Qxd4+ 25. Qe3 Qxe3+ 26. Rxe3 Rxf4 27. h3
cxd3 28. Nd2 Bd5 29. b3 Rbf8 30. Rf1 Rd4 31. Rxf8+ Kxf8 32. Kf2 Ke7 33. Re1 Bb7
34. Ke3 Rd8 35. Ne4 Rd5 36. Kd2 h6 37. Rc1 Kd8 38. Rc3 g5 39. Nc5 Bc8 40. Rxd3
Ke7 41. Rxd5 exd5 42. Kd3 h5 43. gxh5 Bxh3 44. Kd4 g4 45. Nd3 g3 46. Nf4 Bf1
47. Kxd5 g2 48. Nxg2 Bxg2+ 49. Kc5 Kf6 50. b4 Bf1 51. b5 Kg5 52. Kc6 Bc4 53. a4
Bb3 54. a5 Ba4 55. Kc5 Bd1 56. Kd6 Be2 57. Kc6 1/2-1/2

[Event "31. DSenEM2019 Gruppe 65+"]
[Site "Radebeul"]
[Date "2019.04.30"]
[Round "5.30"]
[White "Meier, Wolfgang"]
[Black "Raitza, Egon"]
[Result "1/2-1/2"]
[WhiteElo "2092"]
[BlackElo "1704"]
[PlyCount "48"]
[EventDate "2019.??.??"]
[WhiteTeam "SSV Altenberg"]
[BlackTeam "SSC Rostock"]

1. d4 d5 2. Nf3 Nf6 3. c4 e6 4. Nc3 c6 5. e3 Bd6 6. Bd3 Nbd7 7. O-O O-O 8. e4
dxe4 9. Nxe4 Nxe4 10. Bxe4 Nf6 11. Bc2 c5 12. Bg5 h6 13. dxc5 Bxc5 14. Qxd8
Rxd8 15. Bxf6 gxf6 16. Rad1 Bd7 17. Nd4 e5 18. Nb3 Bb6 19. Be4 Rab8 20. Rd2 Be6
21. Bd5 Bxd5 22. cxd5 Rbc8 23. Rfd1 Rd6 24. Kf1 f5 1/2-1/2

[Event "31. DSenEM2019 Gruppe 65+"]
[Site "Radebeul"]
[Date "2019.04.30"]
[Round "5.32"]
[White "Lomer, Edmund"]
[Black "Just, Gabriele"]
[Result "0-1"]
[WhiteElo "2053"]
[BlackElo "1855"]
[PlyCount "102"]
[EventDate "2019.??.??"]
[WhiteTeam "Eckernförder SC"]
[BlackTeam "SG Leipzig"]

1. Nf3 f5 2. d4 e6 3. g3 Nf6 4. Bg2 Be7 5. O-O O-O 6. c4 d5 7. Qd3 c6 8. Nc3
Ne4 9. Bf4 Nd7 10. Rac1 Bd6 11. Bxd6 Nxd6 12. b3 Qf6 13. e3 dxc4 14. bxc4 e5
15. Nd2 f4 16. c5 Nf5 17. Nce4 Qg6 18. Qb3+ Kh8 19. dxe5 fxg3 20. fxg3 Nxe5 21.
Nd6 Be6 22. Qc3 Ng4 23. Rce1 Qh6 24. h3 Ngxe3 25. Nxf5 Nxf5 26. Ne4 Bd5 27. Kh2
Qg6 28. Qe5 Rae8 29. Qf4 h6 30. Nc3 Bxg2 31. Rxe8 Rxe8 32. Qxf5 Qxf5 33. Rxf5
Re3 34. Nd1 Re1 35. Nf2 Bd5 36. Rf8+ Kh7 37. Ra8 Rf1 38. Rf8 Bxa2 39. g4 Bd5
40. Kg3 a5 41. Ra8 Ra1 42. Ra7 Ra3+ 43. Kh2 a4 44. Rxb7 Ra2 45. Kg3 a3 46. Ra7
Ra1 47. Nd3 a2 48. Kf2 Rd1 49. Nb4 a1=Q 50. Rxa1 Rxa1 51. Nxd5 cxd5 0-1

[Event "31. DSenEM2019 Gruppe 65+"]
[Site "Radebeul"]
[Date "2019.04.30"]
[Round "5.33"]
[White "Kanibalotska, Elisabeth"]
[Black "Schulz, Wolfgang"]
[Result "1/2-1/2"]
[WhiteElo "1794"]
[BlackElo "2048"]
[Annotator "lenovo"]
[PlyCount "194"]
[EventDate "2019.??.??"]
[WhiteTeam "SV Lok Dresden"]
[BlackTeam "Hamburger SK"]

1. d4 Nf6 2. Nf3 g6 3. Bf4 Bg7 4. e3 O-O 5. Bd3 d6 6. Nbd2 Nbd7 7. e4 Nh5 8.
Be3 e5 9. c3 Re8 10. O-O Nhf6 11. h3 d5 12. Bg5 exd4 13. cxd4 dxe4 14. Nxe4 h6
15. Nxf6+ Nxf6 16. Bxf6 Bxf6 17. Qc2 Kg7 18. Rad1 Be6 19. Rfe1 c6 20. b3 Qd6
21. Be4 Bd5 22. Bxd5 Qxd5 23. Re2 Rxe2 24. Qxe2 Rd8 25. Qc2 c5 26. Kf1 cxd4 27.
Qd3 Qa5 28. Qc2 Re8 29. Rd2 Qc3 30. Qd1 Re4 31. Rc2 Qa5 32. Qd3 Qa6 33. Qxa6
bxa6 34. Re2 Rf4 35. Rd2 Kf8 36. Ke2 Bg7 37. g3 Re4+ 38. Kd3 f5 39. Re2 Rxe2
40. Kxe2 Ke7 41. a3 Kd6 42. Nh4 Kc5 43. f3 a5 44. Nxg6 a4 45. bxa4 Kc4 46. Ne7
Kc3 47. Nd5+ Kb3 48. Nb4 Kxa3 49. Nd5 Kxa4 50. Kd3 a6 51. Kc4 Ka5 52. Nc7 Be5
53. Ne6 Kb6 54. Kd3 Kc6 55. g4 fxg4 56. fxg4 Kd6 57. Nxd4 Kd5 58. Nf3 Bg7 59.
h4 a5 60. h5 Bf6 61. Nd2 a4 62. Ne4 Ke5 63. Ke3 a3 64. Nc3 Ke6 65. Na2 Kd5 66.
Kd3 Kc5 67. Kc2 Kc4 68. Nc1 Bg5 69. Na2 Bf4 70. Nc3 Be5 71. Na2 Bd4 72. Nc1 Kd5
73. Kb3 Bb2 74. Nd3 Bf6 75. Kxa3 Ke4 76. Nc5+ Kf4 77. Nd7 Bg7 78. Kb3 Kxg4 79.
Kc2 Kxh5 80. Kd1 Kg4 81. Ke2 Kg3 82. Kf1 Bd4 83. Nf8 Kh2 84. Ng6 Kg3 85. Nf4
Kh2 86. Nh5 Be5 87. Kf2 Bd4+ 88. Kf1 Bc5 89. Nf4 Kg3 90. Nh5+ Kf3 91. Nf4 Kxf4
92. Kg2 h5 93. Kf1 h4 94. Kg2 Ke3 95. Kh1 Kf2 96. Kh2 Bd6+ 97. Kh1 h3 1/2-1/2

[Event "31. DSenEM2019 Gruppe 65+"]
[Site "Radebeul"]
[Date "2019.04.30"]
[Round "5.34"]
[White "Falk, Thomas"]
[Black "Höhne, Peter"]
[Result "1-0"]
[WhiteElo "2135"]
[BlackElo "1925"]
[PlyCount "125"]
[EventDate "2019.??.??"]
[WhiteTeam "SV Oberursel"]
[BlackTeam "SG Hohndorf"]

 1. Nf3 Nf6 2. c4 g6 3. d4 Bg7 4.
Nc3 O-O 5. e4 d6 6. Be2 e5 7. O-O Nc6 8. d5 Ne7 9. Ne1 Ne8 10. Nd3 f5 11. f3 f4
12. c5 g5 13. h3 Rf7 14. Bd2 Bf8 15. cxd6 cxd6 16. Nf2 Ng6 17. Qc2 h5 18. Rfc1
Rg7 19. Qd1 Nh4 20. Be1 Nf6 21. a4 a5 22. Nb5 Nh7 23. Rc3 g4 24. fxg4 Qb6 25.
Kf1 Ng5 26. Rac1 Bd7 27. Nc7 Rc8 28. Rb3 Qa7 29. Bb5 Rxc7 30. Rxc7 Bxb5+ 31.
Rxb5 Rxc7 32. gxh5 f3 33. g3 Ng2 34. Bd2 Ne3+ 35. Bxe3 Qxe3 36. Ng4 Rc1 37.
Nxe3 Rxd1+ 38. Nxd1 Nxe4 39. Ne3 Bg7 40. Nf5 Bf6 41. Rxb7 Bg5 42. h6 Nd2+ 43.
Kf2 e4 44. Rg7+ Kh8 45. Rxg5 e3+ 46. Kxe3 f2 47. Kxf2 Ne4+ 48. Ke3 Nf6 49. Nxd6
Nh7 50. Nb7 Nf8 51. Kd4 Nd7 52. Nxa5 Kh7 53. Nc4 Kxh6 54. b4 Kxg5 55. b5 Kf6
56. a5 Ke7 57. a6 Kd8 58. a7 Kc7 59. a8=Q Nb8 60. b6+ Kc8 61. b7+ Kc7 62. d6+
Kd8 63. Ne5 1-0

[Event "31. DSenEM2019 Gruppe 65+"]
[Site "Radebeul"]
[Date "2019.04.30"]
[Round "5.35"]
[White "Bieberle, Gerhart"]
[Black "Lenk, Wolfgang"]
[Result "0-1"]
[WhiteElo "1941"]
[BlackElo "2134"]
[PlyCount "88"]
[EventDate "2019.??.??"]
[WhiteTeam "PTSV Aachen"]
[BlackTeam "USV TU Dresden"]

1. d4 Nf6 2. Bf4 d6 3. e3 g6 4. Nf3 Bg7 5. Be2 O-O 6. O-O Nbd7 7. c3 Re8 8. h3
c5 9. Nbd2 e5 10. dxe5 dxe5 11. Bh2 e4 12. Ne1 Nb6 13. Nb3 Na4 14. Qc1 Qb6 15.
Bc4 Be6 16. Bxe6 Rxe6 17. Rb1 Nd5 18. Nd2 Naxc3 19. bxc3 Nxc3 20. Rxb6 Ne2+ 21.
Kh1 Nxc1 22. Rxe6 fxe6 23. Nxe4 c4 24. Nc5 b5 25. Nxe6 Nxa2 26. Nxg7 Kxg7 27.
Nc2 b4 28. Rd1 b3 29. Rd7+ Kf6 30. Na3 c3 31. Rc7 Rd8 32. g4 Rd2 33. Rc6+ Ke7
34. Be5 c2 35. Bb2 c1=Q+ 36. Bxc1 Rd1+ 37. Kg2 Rxc1 38. Ra6 Rc7 39. f4 Nc3 40.
Kf3 b2 41. e4 Nb5 42. Nxb5 b1=Q 43. Nxc7 Qd3+ 44. Kf2 Qc2+ 0-1

[Event "31. DSenEM2019 Gruppe 65+"]
[Site "Radebeul"]
[Date "2019.04.30"]
[Round "5.36"]
[White "Krüger, Erich"]
[Black "Fleischer, Matthias"]
[Result "0-1"]
[WhiteElo "2113"]
[BlackElo "1923"]
[PlyCount "48"]
[EventDate "2019.??.??"]
[WhiteTeam "SF Essen-Katernberg"]
[BlackTeam "SV Einheit Schwerin"]

1. d4 Nf6 2. c4 e6 3. Nc3 Bb4 4. e3 O-O 5. Nge2 c5 6. a3 Bxc3+ 7. Nxc3 Qc7 8.
Be2 a6 9. d5 d6 10. e4 exd5 11. exd5 Bf5 12. O-O Nbd7 13. g4 Bg6 14. f4 h6 15.
f5 Bh7 16. h4 Rfe8 17. g5 Ne4 18. Nxe4 Rxe4 19. Bd3 Rxh4 20. g6 fxg6 21. fxg6
Bxg6 22. Bxg6 Ne5 23. Bf5 Qe7 24. Qe1 Nf3+ 0-1

[Event "31. DSenEM2019 Gruppe 65+"]
[Site "Radebeul"]
[Date "2019.04.30"]
[Round "5.37"]
[White "Bogorad, Michail"]
[Black "Ehlert, Joachim"]
[Result "1/2-1/2"]
[WhiteElo "2104"]
[BlackElo "1918"]
[PlyCount "64"]
[EventDate "2019.??.??"]
[WhiteTeam "Bahn-SC Wuppertal"]
[BlackTeam "SV Lok Dresden"]

1. e4 c5 2. Nc3 Nc6 3. d3 d6 4. Be3 e5 5. f4 Nf6 6. f5 a6 7. a4 d5 8. Bg5 dxe4
9. dxe4 Qxd1+ 10. Rxd1 Be7 11. Nf3 h6 12. Bxf6 Bxf6 13. Nd5 Bd8 14. c3 O-O 15.
g4 f6 16. h4 Rb8 17. Rd2 b5 18. axb5 axb5 19. g5 b4 20. gxh6 bxc3 21. Nxc3 Nd4
22. Bc4+ Kh7 23. Nxd4 cxd4 24. hxg7 Kxg7 25. Rg2+ Kh7 26. Nb5 Ba6 27. Rhg1 Ba5+
28. Kd1 Bxb5 29. Rg7+ Kh8 30. R7g6 Kh7 31. Rg7+ Kh8 32. R7g6 Kh7 1/2-1/2

[Event "31. DSenEM2019 Gruppe 65+"]
[Site "Radebeul"]
[Date "2019.04.30"]
[Round "5.38"]
[White "Blosze, Winfried"]
[Black "Bodach, Hans"]
[Result "1-0"]
[WhiteElo "1914"]
[BlackElo "2078"]
[PlyCount "63"]
[EventDate "2019.??.??"]
[WhiteTeam "SV Großauheim"]
[BlackTeam "SV Dresden-Leuben"]

1. e4 c5 2. Nf3 e6 3. d4 cxd4 4. Nxd4 Nf6 5. Bd3 Nc6 6. Nxc6 bxc6 7. O-O d5 8.
Bg5 Be7 9. Nd2 h6 10. Bh4 O-O 11. Qe2 Re8 12. Bxf6 Bxf6 13. e5 Be7 14. c3 a5
15. Kh1 Qb6 16. b3 a4 17. f4 axb3 18. Nxb3 Ra7 19. Nd4 Ba6 20. Bxa6 Qxa6 21.
Qg4 c5 22. f5 cxd4 23. f6 Bf8 24. cxd4 g6 25. h4 h5 26. Qd1 Qc4 27. g4 hxg4 28.
Qxg4 Rxa2 29. Qxg6+ fxg6 30. f7+ Kg7 31. fxe8=Q Rxa1 32. Qf7+ 1-0

[Event "31. DSenEM2019 Gruppe 65+"]
[Site "Radebeul"]
[Date "2019.04.30"]
[Round "5.40"]
[White "Eskandary, Jahya"]
[Black "Fleischer, Martin"]
[Result "1-0"]
[WhiteElo "2062"]
[BlackElo "1881"]
[PlyCount "71"]
[EventDate "2019.??.??"]
[WhiteTeam "SV Lok Dresden"]
[BlackTeam "SV Einheit Schwerin"]

1. e4 e6 2. d4 d5 3. Nd2 Nf6 4. e5 Nfd7 5. Bd3 c5 6. c3 Nc6 7. Ne2 Be7 8. Nf3
h6 9. Nf4 Nf8 10. O-O c4 11. Bc2 h5 12. Nh3 g6 13. Nfg5 Nh7 14. f4 O-O 15. Nxh7
Kxh7 16. Qxh5+ Kg7 17. Qg4 Rh8 18. Ng5 Bxg5 19. fxg5 Ne7 20. Qf3 Qe8 21. g4 Bd7
22. Bd2 Rh7 23. Qf6+ Kg8 24. Kg2 Qd8 25. h4 Nc6 26. Qf3 Qe7 27. h5 Rg7 28. Rh1
b5 29. Raf1 b4 30. Qh3 Rh7 31. Qf3 Rg7 32. hxg6 fxg6 33. Qh3 Rh7 34. Qxh7+ Qxh7
35. Rxh7 Kxh7 36. Rf7+ 1-0

[Event "31. DSenEM2019 Gruppe 65+"]
[Site "Radebeul"]
[Date "2019.04.30"]
[Round "5.41"]
[White "Niebuhr, Gerd"]
[Black "Steingrobe, Udo"]
[Result "1/2-1/2"]
[WhiteElo "1899"]
[BlackElo "2056"]
[PlyCount "56"]
[EventDate "2019.??.??"]
[WhiteTeam "Freibauer Wedemark"]
[BlackTeam "Schachfüchse Kempen"]

1. d4 Nf6 2. c4 e6 3. Nf3 d5 4. Nc3 c6 5. e3 Nbd7 6. Bd3 dxc4 7. Bxc4 b5 8. Bb3
Bd6 9. e4 b4 10. e5 bxc3 11. exd6 cxb2 12. Bxb2 Qa5+ 13. Qd2 Qxd2+ 14. Kxd2
Ne4+ 15. Ke3 Nxd6 16. Rac1 Bb7 17. Rhd1 O-O 18. Ba3 Nf5+ 19. Kf4 Rfe8 20. Ne5
g5+ 21. Kg4 Nxe5+ 22. dxe5 Red8 23. Kxg5 Kg7 24. g4 Nd4 25. Be7 Rd7 26. Bd6 h6+
27. Kh4 Nxb3 28. axb3 Rad8 1/2-1/2

[Event "31. DSenEM2019 Gruppe 65+"]
[Site "Radebeul"]
[Date "2019.04.30"]
[Round "5.42"]
[White "Gebuhr, Günter"]
[Black "Westphal, Norbert"]
[Result "0-1"]
[WhiteElo "1883"]
[BlackElo "2048"]
[PlyCount "104"]
[EventDate "2019.??.??"]
[WhiteTeam "SSV Weimar"]
[BlackTeam "BSV Chemie Radebeul"]

 1. e4 e5 2. Nf3 Nc6 3. Bb5 a6 4. Ba4 Nf6 5. O-O Be7 6. Re1
b5 7. Bb3 d6 8. c3 Bg4 9. h3 Bh5 10. d4 Bxf3 11. Qxf3 exd4 12. Bf4 O-O 13. Bd5
Nxd5 14. exd5 Ne5 15. Bxe5 dxe5 16. Rxe5 Bf6 17. Re2 Re8 18. Nd2 Rxe2 19. Qxe2
dxc3 20. bxc3 Qxd5 21. Ne4 Qc6 22. Qf3 Rd8 23. Nxf6+ Qxf6 24. Qxf6 gxf6 25. a4
Rd3 26. axb5 axb5 27. Rc1 c5 28. Kf1 c4 29. Ke2 f5 30. Rb1 Rd5 31. Ra1 Kg7 32.
Ra6 f6 33. Rb6 Kg6 34. f4 h5 35. Rb8 h4 36. Rb7 Kh6 37. Rb6 Kg7 38. Rb7+ Kf8
39. Rb6 Ke7 40. Rb7+ Kd6 41. Rb6+ Kc5 42. Rxf6 b4 43. cxb4+ Kxb4 44. Rb6+ Kc3
45. Rc6 Rd2+ 46. Kf3 Rd3+ 47. Ke2 Rg3 48. Kf2 Kd3 49. Rc5 c3 50. Rxf5 Kd2 51.
Rd5+ Rd3 52. Re5 c2 0-1

[Event "31. DSenEM2019 Gruppe 65+"]
[Site "Radebeul"]
[Date "2019.04.30"]
[Round "5.43"]
[White "Reimann, Günther"]
[Black "Sand, Rolf"]
[Result "0-1"]
[WhiteElo "1880"]
[BlackElo "2024"]
[PlyCount "78"]
[EventDate "2019.??.??"]
[WhiteTeam "SC Magstadt"]
[BlackTeam "SF Pfullingen"]

1. c4 c5 2. Nf3 Nf6 3. g3 d5 4. cxd5 Nxd5 5. Bg2 Nc6 6. Nc3 Nc7 7. O-O e5 8. a3
f6 9. d3 Be7 10. Be3 O-O 11. Rb1 Be6 12. Na4 Nd4 13. Bxd4 cxd4 14. b4 Nb5 15.
Ra1 Rc8 16. Nd2 Qd7 17. Nc4 Rc7 18. Qd2 Rfc8 19. Rfc1 Kf8 20. Nc5 Bxc5 21. bxc5
Kg8 22. Nd6 Nxd6 23. cxd6 Rc3 24. Qb2 b6 25. Rxc3 Rxc3 26. Rc1 Rxc1+ 27. Qxc1
Qxd6 28. Bb7 Qc5 29. Qb2 Kf8 30. Kf1 Ke7 31. Ba6 Kd6 32. f3 Qc3 33. Qxc3 dxc3
34. Ke1 Kc6 35. a4 Kc5 36. e3 Kb4 37. Bb5 Bb3 38. Ke2 Bxa4 39. Bxa4 Kxa4 0-1

[Event "31. DSenEM2019 Gruppe 65+"]
[Site "Radebeul"]
[Date "2019.04.30"]
[Round "5.44"]
[White "Klein, Reinhard"]
[Black "Petzold, Hans"]
[Result "0-1"]
[WhiteElo "1863"]
[BlackElo "2017"]
[Annotator "lenovo"]
[PlyCount "88"]
[EventDate "2019.??.??"]
[WhiteTeam "Münchener SC"]
[BlackTeam "USV TU Dresden"]

 1. d4 Nf6 2. Nf3 g6 3. c4 Bg7 4. Nc3 d6 5. e4
Nbd7 6. Be2 e5 7. Bg5 h6 8. Be3 O-O 9. h3 exd4 10. Nxd4 Re8 11. Qd2 Nxe4 12.
Nxe4 Rxe4 13. O-O-O Kh7 14. Bf3 Re8 15. Ne2 Ne5 16. c5 Bf5 17. Bxb7 Nd3+ 18.
Qxd3 Bxd3 19. Rxd3 Rb8 20. c6 Qf6 21. Nc3 a5 22. Rhd1 Qe6 23. Nd5 Rxb7 24. cxb7
c6 25. Ba7 {(=)} cxd5 26. b8=Q Rxb8 27. Bxb8 Qc8+ 28. Kb1 Qxb8 29. Rb3 Qe8 30.
a3 Qa4 31. Rbd3 d4 32. f4 Qc6 33. g3 Qe4 34. h4 a4 35. Ka2 Qe2 36. Kb1 Bf6 37.
Ka1 Kg7 38. Kb1 Kf8 39. R1d2 Qe4 40. Ka1 Ke7 41. Ka2 Ke6 42. Kb1 Bd8 43. Rd1
Ba5 44. Kc2 h5 0-1

[Event "31. DSenEM2019 Gruppe 65+"]
[Site "Radebeul"]
[Date "2019.04.30"]
[Round "5.45"]
[White "Schmidt, Jörg"]
[Black "Dötzel, Hartwig"]
[Result "1-0"]
[WhiteElo "2016"]
[BlackElo "1877"]
[PlyCount "111"]
[EventDate "2019.??.??"]
[WhiteTeam "Aufbau Bernburg"]
[BlackTeam "USV TU Dresden"]

1. e4 e5 2. Nf3 Nc6 3. d4 exd4 4. Bc4 Nf6 5. e5 d5 6. Bb5 Ne4 7. Nxd4 Bd7 8.
Bxc6 bxc6 9. O-O Bc5 10. f3 Ng5 11. f4 Ne4 12. c3 O-O 13. Be3 Bxd4 14. cxd4 f5
15. Nd2 Nxd2 16. Bxd2 Qe7 17. Ba5 Rfc8 18. Rc1 Rab8 19. Qd2 Rb7 20. a3 Qe6 21.
Bb4 Rcb8 22. Rc2 Rb5 23. Bc5 a5 24. a4 Rb3 25. Qxa5 R8b7 26. Qd2 Qe8 27. a5 Qa8
28. Qe2 Qxa5 29. e6 Be8 30. e7 Qa8 31. Qe6+ Bf7 32. Qxc6 Qe8 33. Qxe8+ Bxe8 34.
Rff2 Kf7 35. Rfe2 c6 36. Kf2 g6 37. Ba3 R7b5 38. Rc3 Rb7 39. Ke1 Rb8 40. Kd2
R8b7 41. Rxb3 Rxb3 42. Kc2 Rb5 43. Bd6 Rb7 44. Re3 Rb5 45. b4 Rb7 46. Ra3 Rb5
47. Ra8 Rb7 48. Kb3 Rb5 49. Bc5 h6 50. h4 Rb7 51. Ka4 Rb5 52. Rc8 Rb7 53. Ka5
Rxe7 54. Bxe7 Kxe7 55. Kb6 Bd7 56. Rxc6 1-0

[Event "31. DSenEM2019 Gruppe 65+"]
[Site "Radebeul"]
[Date "2019.04.30"]
[Round "5.46"]
[White "Biller, Helmut"]
[Black "Görden, Hans-Jürgen"]
[Result "1-0"]
[WhiteElo "2010"]
[BlackElo "1863"]
[PlyCount "75"]
[EventDate "2019.??.??"]
[WhiteTeam "SF Frankfurt"]
[BlackTeam "SV Lok Dresden"]

1. d4 Nf6 2. c4 c5 3. d5 b5 4. cxb5 a6 5. bxa6 g6 6. Nc3 Bg7 7. Nf3 O-O 8. g3
d6 9. Bg2 Nxa6 10. O-O Bb7 11. e4 Qb6 12. Rb1 Nd7 13. Be3 Rfb8 14. a3 Qa5 15.
Qc2 Nc7 16. Rfc1 Ba6 17. Bd2 Qb6 18. b3 Nb5 19. Nxb5 Qxb5 20. Bf1 Qb7 21. a4
Bxf1 22. Kxf1 Nf6 23. Bc3 Bh6 24. Bd2 Bg7 25. Qc4 Qc8 26. Kg2 Qg4 27. Re1 h5
28. h3 Qd7 29. Bc3 Bh6 30. Red1 Rd8 31. Rd3 Bg7 32. Rbd1 Ne8 33. e5 dxe5 34.
Bxe5 Bxe5 35. Nxe5 Qd6 36. Qc3 Nf6 37. Nc4 Qd7 38. Nb6 1-0

[Event "31. DSenEM2019 Gruppe 65+"]
[Site "Radebeul"]
[Date "2019.04.30"]
[Round "5.47"]
[White "Hellwege, Werner"]
[Black "Zschunke, Werner"]
[Result "0-1"]
[WhiteElo "1845"]
[BlackElo "2002"]
[PlyCount "84"]
[EventDate "2019.??.??"]
[WhiteTeam "HSK Lister Turm"]
[BlackTeam "SK Schweinfurt"]

1. d4 Nf6 2. Nf3 d5 3. c4 e6 4. g3 Be7 5. Bg2 O-O 6. O-O c6 7. Nc3 dxc4 8. Ne5
Nbd7 9. Nxc4 Nb6 10. Ne5 Nfd7 11. f4 f6 12. Nd3 f5 13. e4 fxe4 14. Nxe4 Nf6 15.
Be3 Nbd5 16. Bf2 Qe8 17. Rc1 Nxe4 18. Bxe4 Bf6 19. Qe2 Qe7 20. Rfd1 Bd7 21. Nc5
Be8 22. Bg2 Bf7 23. a3 g6 24. Ne4 Bg7 25. Bh3 h6 26. Nc5 Rfe8 27. Re1 Nc7 28.
Nxb7 Nb5 29. Red1 Qxb7 30. Bg2 Rac8 31. Qc2 Red8 32. Bxc6 Qe7 33. Qa4 Nd6 34.
Rc5 Nf5 35. Ra5 Rc7 36. b3 Qd6 37. d5 Rxc6 38. Qxc6 Qxc6 39. dxc6 Rxd1+ 40. Kg2
Rd8 41. Rxa7 e5 42. b4 Bd5+ 0-1

[Event "31. DSenEM2019 Gruppe 65+"]
[Site "Radebeul"]
[Date "2019.04.30"]
[Round "5.48"]
[White "Kahn, Peter"]
[Black "Schmidt, Hans-Gerd"]
[Result "1-0"]
[WhiteElo "1994"]
[BlackElo "1850"]
[PlyCount "53"]
[EventDate "2019.??.??"]
[WhiteTeam "Siebenlehner SV"]
[BlackTeam "TuS Coswig"]

1. d4 Nf6 2. Nf3 g6 3. Bg5 Bg7 4. Nbd2 O-O 5. e4 d6 6. Bd3 Bg4 7. h3 Bxf3 8.
Nxf3 Nbd7 9. Qd2 c5 10. d5 c4 11. Bxf6 Nxf6 12. Bxc4 Nxe4 13. Qe3 Qa5+ 14. Kf1
Nf6 15. Rd1 Rac8 16. Bb3 Rfe8 17. g3 Nd7 18. c3 Qb6 19. Nd4 Nc5 20. Kg2 Bxd4
21. Rxd4 Nxb3 22. axb3 Qxb3 23. Rhd1 Kg7 24. Rh4 h5 25. Rxh5 Qxd1 26. Qh6+ Kf6
27. Rf5+ 1-0

[Event "31. DSenEM2019 Gruppe 65+"]
[Site "Radebeul"]
[Date "2019.04.30"]
[Round "5.49"]
[White "Kempe, Rainer"]
[Black "Lekakh, Mikhail"]
[Result "0-1"]
[WhiteElo "1991"]
[BlackElo "1841"]
[PlyCount "98"]
[EventDate "2019.??.??"]
[WhiteTeam "SV Lok Dresden"]
[BlackTeam "Oberbilker SV"]

1. e4 c6 2. d4 d5 3. e5 Bf5 4. h4 h6 5. Bd3 Bxd3 6. Qxd3 e6 7. Ne2 Qb6 8. Qb3
Qxb3 9. axb3 c5 10. Be3 cxd4 11. Nxd4 a6 12. Nb5 Kd7 13. Bb6 Nc6 14. f4 Rc8 15.
N5a3 Nb4 16. Kd2 h5 17. c3 Nc6 18. Nc2 Nh6 19. Ne3 Ne7 20. c4 Rc6 21. Ba7 Nhf5
22. Nxf5 Nxf5 23. cxd5 exd5 24. Kd3 Rg6 25. Nc3 Rg3+ 26. Ke2 Rxg2+ 27. Bf2 Bc5
28. Nd1 Ng3+ 29. Kf3 Nxh1 30. Kxg2 Nxf2 31. Nxf2 Bxf2 32. Kxf2 Rc8 33. Rd1 Rc2+
34. Kf3 Ke6 35. Rd3 g6 36. Kg3 Rxb2 37. Kf3 a5 38. Kg3 b5 39. Rc3 a4 40. bxa4
bxa4 41. Rc6+ Ke7 42. Ra6 Rb3+ 43. Kf2 a3 44. Ra7+ Kf8 45. Ra8+ Kg7 46. Ra7
Rb2+ 47. Ke3 a2 48. e6 a1=Q 49. Rxa1 fxe6 0-1

[Event "31. DSenEM2019 Gruppe 65+"]
[Site "Radebeul"]
[Date "2019.04.30"]
[Round "5.50"]
[White "Meißner, Werner"]
[Black "Kracht, Helmut"]
[Result "0-1"]
[WhiteElo "1665"]
[BlackElo "1989"]
[PlyCount "56"]
[EventDate "2019.??.??"]
[WhiteTeam "SV TuR Dresden"]
[BlackTeam "SK Kaltenkirchen"]

1. e4 g6 2. d4 Bg7 3. Nc3 c6 4. Nf3 d6 5. Be2 Nf6 6. O-O b5 7. a3 Qc7 8. Be3
O-O 9. Qc1 Bb7 10. Bh6 Nbd7 11. Bxg7 Kxg7 12. Nd2 a5 13. Bf3 Qb6 14. Ne2 c5 15.
c3 cxd4 16. Nxd4 Nc5 17. Qc2 Rac8 18. Rfe1 Ncd7 19. Qb1 b4 20. Ne2 Ne5 21. axb4
axb4 22. cxb4 Qxb4 23. Nc3 Ra8 24. Qc2 Ba6 25. Ra4 Qb6 26. Bd1 Nd3 27. Nc4 Bxc4
28. Rxc4 Nxe1 0-1

[Event "31. DSenEM2019 Gruppe 65+"]
[Site "Radebeul"]
[Date "2019.04.30"]
[Round "5.51"]
[White "Wurmb, Peter"]
[Black "Andrienko, Anatoliy"]
[Result "1-0"]
[WhiteElo "1984"]
[BlackElo "1828"]
[PlyCount "79"]
[EventDate "2019.??.??"]
[WhiteTeam "SK Heidenau"]
[BlackTeam "SF Köln-Longerich"]

1. d4 Nf6 2. Nf3 d5 3. e3 Bg4 4. Be2 Nc6 5. c4 dxc4 6. Nbd2 e6 7. Nxc4 Bb4+ 8.
Bd2 O-O 9. O-O Bxd2 10. Qxd2 Ne4 11. Qd1 Qe7 12. a3 Rad8 13. Qb3 b6 14. Rac1
Rc8 15. Qa4 Na5 16. Nxa5 bxa5 17. Qxa5 c5 18. h3 Bf5 19. dxc5 Rxc5 20. Rxc5
Qxc5 21. Qxc5 Nxc5 22. b4 Nd7 23. Rc1 Nb6 24. Rc7 Ra8 25. Ne5 f6 26. Bf3 Rc8
27. Rxc8+ Nxc8 28. Nc6 Bd3 29. Nd4 Bc4 30. Bc6 Nd6 31. f4 f5 32. Kf2 Kf7 33. g3
Kf6 34. Nf3 a6 35. a4 Bb3 36. Nd2 Bc2 37. Ke2 h6 38. Nf3 Ne4 39. Nd4 Nxg3+ 40.
Kf3 1-0